[Event "TUN-ch sf"]
[Site "Monastir"]
[Date "2024.03.23"]
[Round "5"]
[White "Nouali, Mohamed"]
[Black "Tritar, Kamel"]
[Result "1-0"]
[WhiteElo "2137"]
[BlackElo "1878"]
[PlyCount "59"]
[EventDate "2024.03.21"]
[EventType "swiss"]
[EventRounds "9"]
[EventCountry "TUN"]
[SourceTitle "CB15_2024"]
[SourceDate "2024.04.10"]
[SourceVersion "1"]
[SourceVersionDate "2024.04.10"]
[SourceQuality "1"]

1. e4 e6 2. d4 d5 3. Nc3 Nf6 4. Bg5 Bb4 5. Nge2 h6 6. Bxf6 Qxf6 7. a3 Bxc3+ 8. Nxc3 c6 9. e5 Qe7 10. f4 a6 11. Qd2 c5 12. dxc5 Qxc5 13. 0-0-0 Nc6 14. Na4 Qa7 15. c4 d4 16. c5 Bd7 17. Nb6 Rd8 18. Bd3 Qb8 19. Nc4 0-0 20. Bc2 g6 21. h4 Kg7 22. h5 Rh8 23. hxg6 fxg6 24. Qd3 Ne7 25. Nd6 b6 26. Rh3 h5 27. Qg3 Rdf8 28. Qg5 Qd8 29. g4 h4 30. cxb6 1-0

[Event "Titled Tuesday intern op 27th Feb Late"]
[Site "Chess.com INT"]
[Date "2024.02.27"]
[Round "6"]
[White "Georgiadis, Nico"]
[Black "Nouali, Mohamed"]
[Result "1-0"]
[WhiteElo "2547"]
[BlackElo "2137"]
[PlyCount "65"]
[EventDate "2024.02.27"]
[EventType "swiss (blitz)"]
[EventRounds "11"]
[EventCountry "USA"]
[SourceTitle "CB10_2024"]
[SourceDate "2024.03.06"]
[SourceVersion "1"]
[SourceVersionDate "2024.03.06"]
[SourceQuality "1"]

1. c4 Nf6 2. Nc3 g6 3. d4 Bg7 4. e4 d6 5. Nf3 0-0 6. Be2 c5 7. d5 a6 8. a4 e6 9. h3 exd5 10. exd5 Re8 11. 0-0 Bf5 12. Nh4 Bc8 13. Bd3 Nbd7 14. Nf3 Ne5 15. Nxe5 dxe5 16. Re1 Qd6 17. a5 Bd7 18. Bg5 Rac8 19. Qf3 h6 20. Bh4 g5 21. Bg3 g4 22. hxg4 Bxg4 23. Ne4 Nxe4 24. Qxg4 Nxg3 25. Qxg3 Kf8 26. Re4 Rc7 27. Rg4 f6 28. Bf5 Rd8 29. Be6 Re7 30. Re1 Rxe6 31. Rxg7 Ree8 32. Rg8+ Ke7 33. Qg7# 1-0

[Event "Titled Tuesday intern op 27th Feb Late"]
[Site "Chess.com INT"]
[Date "2024.02.27"]
[Round "3"]
[White "Nouali, Mohamed"]
[Black "Zampronha, Wladimir Camilo"]
[Result "1-0"]
[WhiteElo "2137"]
[BlackElo "2119"]
[PlyCount "41"]
[EventDate "2024.02.27"]
[EventType "swiss (blitz)"]
[EventRounds "11"]
[EventCountry "USA"]
[SourceTitle "CB10_2024"]
[SourceDate "2024.03.06"]
[SourceVersion "1"]
[SourceVersionDate "2024.03.06"]
[SourceQuality "1"]

1. e4 c5 2. Nf3 e6 3. d4 cxd4 4. Nxd4 Nc6 5. Nc3 Qc7 6. Be3 a6 7. Qf3 Nf6 8. 0-0-0 b5 9. e5 Ng8 10. Nxc6 Qxc6 11. Qxc6 dxc6 12. Ne4 f5 13. Nd6+ Bxd6 14. Rxd6 Ne7 15. Bc5 Bd7 16. Be2 Nc8 17. Rd4 Ne7 18. b3 Nd5 19. c4 bxc4 20. bxc4 Ne7 21. Rhd1 1-0

[Event "Titled Tuesday intern op 27th Feb Late"]
[Site "Chess.com INT"]
[Date "2024.02.27"]
[Round "11"]
[White "Schnaider, Ilan"]
[Black "Nouali, Mohamed"]
[Result "0-1"]
[WhiteElo "2323"]
[BlackElo "2137"]
[PlyCount "62"]
[EventDate "2024.02.27"]
[EventType "swiss (blitz)"]
[EventRounds "11"]
[EventCountry "USA"]
[SourceTitle "CB10_2024"]
[SourceDate "2024.03.06"]
[SourceVersion "1"]
[SourceVersionDate "2024.03.06"]
[SourceQuality "1"]

1. e4 c5 2. Nf3 Nc6 3. Bb5 Qc7 4. 0-0 e6 5. c3 a6 6. Ba4 b5 7. Bc2 Bb7 8. d4 cxd4 9. Nxd4 Nf6 10. Bg5 Nxd4 11. Qxd4 Ng4 12. g3 Ne5 13. Kg2 Bc5 14. Qd2 f5 15. Re1 fxe4 16. Bxe4 0-0 17. Bf4 Rxf4 18. gxf4 Nc4 19. Qc2 Bxe4+ 20. Qxe4 Rf8 21. Re2 Rxf4 22. Qd3 Ne5 23. Qg3 Rg4 24. Nd2 Rxg3+ 25. hxg3 Qc6+ 26. f3 d6 27. Rae1 g5 28. Re4 h5 29. Kh2 Qd5 30. R1e2 g4 31. f4 Nf3+ 0-1

[Event "Titled Tuesday intern op 13th Feb Early"]
[Site "Chess.com INT"]
[Date "2024.02.13"]
[Round "3"]
[White "Bongo Akanga Ndjila, Barthelemy"]
[Black "Nouali, Mohamed"]
[Result "0-1"]
[WhiteElo "1824"]
[BlackElo "2137"]
[PlyCount "98"]
[EventDate "2024.02.13"]
[EventType "swiss (blitz)"]
[EventRounds "11"]
[EventCountry "USA"]
[SourceTitle "CB08_2024"]
[SourceDate "2024.02.21"]
[SourceVersion "1"]
[SourceVersionDate "2024.02.21"]
[SourceQuality "1"]

1. d4 Nf6 2. c4 g6 3. Nc3 Bg7 4. e4 0-0 5. Nge2 c5 6. d5 d6 7. Ng3 a6 8. a4 e6 9. Be2 exd5 10. cxd5 Re8 11. Bg5 h6 12. Be3 h5 13. Bg5 Qb6 14. Qd2 Nbd7 15. 0-0 Nh7 16. Bh6 h4 17. Bxg7 Kxg7 18. Nh1 Qb4 19. a5 Qd4 20. Qf4 Qf6 21. Qd2 Ng5 22. f3 Qd4+ 23. Qxd4+ cxd4 24. Na4 f5 25. Nf2 fxe4 26. fxe4 Nxe4 27. Nxe4 Rxe4 28. Bd3 Re3 29. Rad1 Ne5 30. Nb6 Bg4 31. Nxa8 Bxd1 32. Rxd1 Rxd3 33. Rxd3 Nxd3 34. b3 Nc1 35. Kf1 Nxb3 36. Nb6 Nxa5 37. Ke2 Kf6 38. Kd3 Ke5 39. Nd7+ Kxd5 40. Nf6+ Ke6 41. Ng4 Nc6 42. Kc4 b5+ 43. Kb3 a5 44. Nf2 a4+ 45. Kc2 Kd5 46. Kd3 Nb4+ 47. Kd2 Kc4 48. Kc1 Nd3+ 49. Nxd3 Kxd3 0-1

[Event "Titled Tuesday intern op 06th Feb Late"]
[Site "Chess.com INT"]
[Date "2024.02.06"]
[Round "7"]
[White "Nouali, Mohamed"]
[Black "Buenafe Moya, Javier"]
[Result "1-0"]
[WhiteElo "2137"]
[BlackElo "2136"]
[PlyCount "89"]
[EventDate "2024.02.06"]
[EventType "swiss (blitz)"]
[EventRounds "11"]
[EventCountry "USA"]
[SourceTitle "CB07_2024"]
[SourceDate "2024.02.14"]
[SourceVersion "1"]
[SourceVersionDate "2024.02.14"]
[SourceQuality "1"]

1. e4 e5 2. Bc4 Nf6 3. Nc3 c6 4. d4 Bb4 5. dxe5 Nxe4 6. Qg4 Nxc3 7. Qxg7 Rf8 8. a3 Na2+ 9. axb4 Nxc1 10. Rxc1 d5 11. Bd3 Qe7 12. Ne2 Qxb4+ 13. c3 Qxb2 14. 0-0 Be6 15. Rb1 Qd2 16. Rfd1 Qa2 17. Rxb7 Nd7 18. Nd4 0-0-0 19. Rdb1 Nb6 20. Nxe6 Kxb7 21. Nxf8 d4 22. c4 Qa3 23. Qxf7+ Ka8 24. Be4 Qc5 25. Ne6 Qxc4 26. Nc7+ Kb7 27. Qxc4 Rd7 28. Qa6+ Kxc7 29. Qxa7+ Kd8 30. Qxb6+ Ke7 31. Qc5+ Kf7 32. Bd3 Rd5 33. Bc4 Ke6 34. Bxd5+ cxd5 35. Qxd4 h5 36. f4 h4 37. Kf2 Kf5 38. Kf3 h3 39. g4+ Kg6 40. Rb6+ Kh7 41. Qd3+ Kh8 42. Rb8+ Kg7 43. Qf5 Kh6 44. Qf6+ Kh7 45. Rh8# 1-0

[Event "Titled Tuesday intern op 06th Feb Late"]
[Site "Chess.com INT"]
[Date "2024.02.06"]
[Round "11"]
[White "Nouali, Mohamed"]
[Black "Esmeraldas Huachi, Anderson Yahir"]
[Result "1/2-1/2"]
[WhiteElo "2137"]
[BlackElo "2148"]
[PlyCount "96"]
[EventDate "2024.02.06"]
[EventType "swiss (blitz)"]
[EventRounds "11"]
[EventCountry "USA"]
[SourceTitle "CB07_2024"]
[SourceDate "2024.02.14"]
[SourceVersion "1"]
[SourceVersionDate "2024.02.14"]
[SourceQuality "1"]

1. e4 c5 2. Nf3 d6 3. d4 cxd4 4. Nxd4 Nf6 5. Nc3 a6 6. Bc4 e6 7. Bb3 Qc7 8. Bg5 b5 9. Bxf6 gxf6 10. Qh5 Ke7 11. 0-0-0 b4 12. Nd5+ exd5 13. Bxd5 Ra7 14. Qxf7+ Kd8 15. Qxf6+ Qe7 16. Qxh8 Qe8 17. Kb1 Bg7 18. Qxe8+ Kxe8 19. Nf5 Bf8 20. Rhe1 Nd7 21. Be6 Rc7 22. Nxd6+ Bxd6 23. Rxd6 Ke7 24. Rxd7+ Bxd7 25. Bxd7 Rxd7 26. Kc1 Ke6 27. f4 Rg7 28. g3 h5 29. b3 h4 30. Re3 h3 31. Rd3 a5 32. e5 Kf5 33. Rd6 Kg4 34. Rh6 Rd7 35. Rh4+ Kf3 36. Rxh3 Ke2 37. g4 Rd4 38. f5 Rxg4 39. e6 Re4 40. Kb2 Re5 41. Rh5 Kd2 42. f6 Rxh5 43. e7 Rc5 44. e8Q Rxc2+ 45. Kb1 Rc1+ 46. Kb2 Rc2+ 47. Kb1 Rc1+ 48. Kb2 Rc2+ 1/2-1/2

[Event "Titled Tuesday intern op 23rd Jan Late"]
[Site "Chess.com INT"]
[Date "2024.01.23"]
[Round "9"]
[White "Mizzi, Jack"]
[Black "Nouali, Mohamed"]
[Result "1-0"]
[WhiteElo "2043"]
[BlackElo "2137"]
[PlyCount "37"]
[EventDate "2024.01.23"]
[EventType "swiss (blitz)"]
[EventRounds "11"]
[EventCountry "USA"]
[SourceTitle "CB05_2024"]
[SourceDate "2024.01.31"]
[SourceVersion "1"]
[SourceVersionDate "2024.01.31"]
[SourceQuality "1"]

1. d4 Nf6 2. c4 g6 3. g3 Bg7 4. Bg2 0-0 5. Nf3 d6 6. 0-0 c5 7. Nc3 cxd4 8. Nxd4 Nc6 9. Nxc6 bxc6 10. Bxc6 Bh3 11. Bg2 Bxg2 12. Kxg2 Rc8 13. Qd3 Nd7 14. b3 d5 15. Bb2 dxc4 16. bxc4 Qb6 17. Qxd7 Qxb2 18. Nd5 Rc7 19. Qxc7 1-0

[Event "Titled Tuesday intern op 16th Jan Early"]
[Site "Chess.com INT"]
[Date "2024.01.16"]
[Round "9"]
[White "Aukhatov, Roman"]
[Black "Nouali, Mohamed"]
[Result "1-0"]
[WhiteElo "2217"]
[BlackElo "2137"]
[PlyCount "91"]
[EventDate "2024.01.16"]
[EventType "swiss (blitz)"]
[EventRounds "11"]
[EventCountry "USA"]
[SourceTitle "CB04_2024"]
[SourceDate "2023.10.16"]
[SourceVersion "1"]
[SourceVersionDate "2023.10.16"]
[SourceQuality "1"]

1. Nf3 Nf6 2. c4 g6 3. Nc3 Bg7 4. e4 d6 5. d4 0-0 6. Be2 c5 7. 0-0 cxd4 8. Nxd4 Nc6 9. Be3 Nxd4 10. Bxd4 Be6 11. f4 Rc8 12. b3 a6 13. Qd3 Bg4 14. Bxg4 Nxg4 15. Bxg7 Kxg7 16. Qd4+ e5 17. fxe5 dxe5 18. Qxd8 Rcxd8 19. Nd5 f5 20. h3 Nf6 21. Nxf6 Kxf6 22. exf5 gxf5 23. Rad1 e4 24. Rxd8 Rxd8 25. g4 Ke5 26. Rxf5+ Kd4 27. Kf2 Kd3 28. Rd5+ Rxd5 29. cxd5 Kd2 30. d6 e3+ 31. Kf3 e2 32. d7 e1Q 33. d8Q+ Kc2 34. Qc7+ Kb1 35. Qxh7+ Kxa2 36. Qd3 Qh1+ 37. Kg3 Qe1+ 38. Kf4 b5 39. g5 Qh4+ 40. Kf5 b4 41. g6 a5 42. Qe2+ Kxb3 43. g7 Qd8 44. Qe6+ Ka3 45. g8Q Qd3+ 46. Kf6 1-0

[Event "Titled Tuesday intern op 16th Jan Early"]
[Site "Chess.com INT"]
[Date "2024.01.16"]
[Round "2"]
[White "Kadric, Denis"]
[Black "Nouali, Mohamed"]
[Result "1-0"]
[WhiteElo "2584"]
[BlackElo "2137"]
[PlyCount "113"]
[EventDate "2024.01.16"]
[EventType "swiss (blitz)"]
[EventRounds "11"]
[EventCountry "USA"]
[SourceTitle "CB04_2024"]
[SourceDate "2023.10.16"]
[SourceVersion "1"]
[SourceVersionDate "2023.10.16"]
[SourceQuality "1"]

1. e4 c5 2. Nc3 Nc6 3. Nge2 g6 4. d4 cxd4 5. Nxd4 Bg7 6. Be3 Nf6 7. Bc4 0-0 8. Bb3 d6 9. f3 Bd7 10. h4 h5 11. Qd2 Rc8 12. 0-0-0 Ne5 13. Kb1 b5 14. Ndxb5 Nc4 15. Bxc4 Rxc4 16. b3 Rc8 17. Nxa7 Rxc3 18. Qxc3 Nxe4 19. Qxg7+ Kxg7 20. fxe4 Qa5 21. Rd5 Qa6 22. a4 e6 23. Rd2 Ra8 24. Rhd1 d5 25. exd5 Rxa7 26. dxe6 Bxe6 27. Rd6 Qb7 28. Bxa7 Qxa7 29. Kb2 Qf2 30. a5 Bf5 31. R1d2 Qxh4 32. a6 Qe7 33. b4 Qe4 34. Kb3 Be6+ 35. Ka4 Qe1 36. Ka5 Qa1+ 37. Kb6 Qa4 38. R6d4 Bc8 39. b5 Qa2 40. Rd8 Qe6+ 41. R2d6 Qe3+ 42. Kc7 Qc5+ 43. Rc6 Qxb5 44. Rxc8 Qa5+ 45. Kb7 Qb5+ 46. Rb6 Qd5+ 47. Kb8 Qe5+ 48. Rc7 Qe8+ 49. Ka7 Qe3 50. c4 h4 51. c5 g5 52. Kb7 Qe4+ 53. c6 g4 54. a7 h3 55. gxh3 g3 56. a8Q g2 57. Qa1+ 1-0

[Event "Titled Tuesday intern op 16th Jan Early"]
[Site "Chess.com INT"]
[Date "2024.01.16"]
[Round "8"]
[White "Nouali, Mohamed"]
[Black "Mabusela, Johannes Manyedi"]
[Result "1/2-1/2"]
[WhiteElo "2137"]
[BlackElo "2202"]
[PlyCount "75"]
[EventDate "2024.01.16"]
[EventType "swiss (blitz)"]
[EventRounds "11"]
[EventCountry "USA"]
[SourceTitle "CB04_2024"]
[SourceDate "2023.10.16"]
[SourceVersion "1"]
[SourceVersionDate "2023.10.16"]
[SourceQuality "1"]

1. e4 e6 2. d4 d5 3. Nc3 Nf6 4. Bg5 Be7 5. e5 Nfd7 6. Bxe7 Qxe7 7. f4 0-0 8. Nf3 c5 9. Bd3 f6 10. exf6 Qxf6 11. g3 cxd4 12. Nxd4 Nc6 13. Nf3 Nc5 14. Qe2 Bd7 15. 0-0-0 Be8 16. Ng5 Bg6 17. Bxg6 Qxg6 18. Rhe1 Rae8 19. Nf3 Rc8 20. Ne5 Nxe5 21. Qxe5 Rc6 22. Kb1 a6 23. Ne2 Nd7 24. f5 Rxf5 25. Qe3 Re5 26. Qd2 Nf6 27. Nd4 Rxe1 28. Rxe1 Ne4 29. Qb4 Rc4 30. Qb6 h6 31. Nxe6 Nd2+ 32. Ka1 Qxc2 33. Qd8+ Kh7 34. Nf8+ Kg8 35. Ng6+ Kh7 36. Nf8+ Kg8 37. Ng6+ Kh7 38. Nf8+ 1/2-1/2

[Event "Titled Tuesday intern op 16th Jan Early"]
[Site "Chess.com INT"]
[Date "2024.01.16"]
[Round "11"]
[White "Prieto Aranguren, Alain"]
[Black "Nouali, Mohamed"]
[Result "1-0"]
[WhiteElo "2160"]
[BlackElo "2137"]
[PlyCount "83"]
[EventDate "2024.01.16"]
[EventType "swiss (blitz)"]
[EventRounds "11"]
[EventCountry "USA"]
[SourceTitle "CB04_2024"]
[SourceDate "2023.10.16"]
[SourceVersion "1"]
[SourceVersionDate "2023.10.16"]
[SourceQuality "1"]

1. d4 Nf6 2. Bg5 e6 3. Nd2 Be7 4. e4 d5 5. e5 Nfd7 6. Bxe7 Qxe7 7. Qg4 f6 8. f4 c5 9. c3 Nc6 10. Ngf3 0-0 11. Bd3 cxd4 12. cxd4 Qb4 13. Qh5 f5 14. Ng5 h6 15. Nxe6 Ndxe5 16. dxe5 Bxe6 17. Qg6 Rae8 18. Rf1 Qd4 19. Rf3 Nb4 20. Ke2 Nxd3 21. Rxd3 Qxf4 22. Nf3 d4 23. Rxd4 Bc4+ 24. Kf2 Bf7 25. Qxf7+ Rxf7 26. Rxf4 g5 27. Rd4 Rc7 28. Rad1 g4 29. Rd8 Kf7 30. Rxe8 Kxe8 31. Nd4 f4 32. Nf5 Rc2+ 33. Ke1 Rxb2 34. e6 Rxg2 35. Kf1 Rxh2 36. Rd4 f3 37. e7 Rh1+ 38. Kf2 Rh2+ 39. Kg3 Rg2+ 40. Kf4 f2 41. Rd8+ Kf7 42. e8Q+ 1-0

[Event "Titled Tuesday intern op 09th Jan Early"]
[Site "Chess.com INT"]
[Date "2024.01.09"]
[Round "4"]
[White "Nouali, Mohamed"]
[Black "Ovezdurdiyeva, Jemal"]
[Result "0-1"]
[WhiteElo "2137"]
[BlackElo "2057"]
[PlyCount "102"]
[EventDate "2024.01.09"]
[EventType "swiss (blitz)"]
[EventRounds "11"]
[EventCountry "USA"]
[SourceTitle "CB03_2024"]
[SourceDate "2024.01.17"]
[SourceVersion "1"]
[SourceVersionDate "2024.01.17"]
[SourceQuality "1"]

1. e4 d6 2. d4 Nf6 3. Nc3 g6 4. Bg5 Bg7 5. e5 Nfd7 6. e6 fxe6 7. Nf3 0-0 8. h4 Nf6 9. Bd3 Qe8 10. Qe2 Nc6 11. 0-0-0 Nb4 12. Bc4 d5 13. Bb3 a5 14. a4 c6 15. Ne5 Nd7 16. h5 Nxe5 17. dxe5 Bd7 18. f4 b5 19. g4 bxa4 20. Nxa4 c5 21. hxg6 Bxa4 22. Rxh7 Bxb3 23. Rdh1 Qxg6 24. cxb3 Nd3+ 25. Kd2 Nxf4 26. Qh2 Qd3+ 27. Ke1 Qb1+ 28. Kd2 Qxb2+ 29. Kd1 Qxh2 30. R7xh2 Ng6 31. Rh6 Nxe5 32. R6h5 Ng6 33. Bd2 a4 34. Rg5 Rf6 35. bxa4 Rxa4 36. Kc2 Ra2+ 37. Kd1 Ra1+ 38. Kc2 Rxh1 39. Rh5 Rxh5 40. gxh5 Nf4 41. h6 Bxh6 42. Kb1 Kf7 43. Bxf4 Bxf4 44. Ka2 Kg6 45. Kb1 Kf5 46. Kc2 Ke4 47. Kb1 c4 48. Ka2 Kd4 49. Kb1 Be5 50. Ka2 Rf3 51. Kb1 Bd6 0-1